00314nam a2200097Ia 4500008004100000082001400041100006500055245004400120250001700164260003500181210430s9999 xx 000 0 und d a515T449 T aGeroge B Thomas, Maurice D Weir, Joel Hass, Frank R Giordano aThomas Calculus /cGeorge b. Thomas, jr a11th edition aDelhibPearson Educationc2008